00492nam a2200169Ia 4500003000400000005001700004008004100021020001800062040000700080041000800087082002500095100002900120245010100149260004200250300001700292365001300309OSt20230511163840.0210423s2008 xx 000 0 und d a9780195696530 cAL aeng a574.87322223b HARC aHARDIN (Charles);others. aCloning gene expression and protein purification: experimental procedures and process rationale. aOxfordbOxford University Pressc2008 aviii,435bPB b995cINR